000 00861nam a2200241 a 4500
005 20160921083905.0
008 160919s2012 sp ad gr 00010dspa d
020 _z9786077075097
020 _a9788473568579
040 _aCO-BoUCM
_bspa
_cEdgar Pinilla
_dEdgar Pinilla
041 0 _aspa
100 1 _aGrande Esteban, Ildefonso
_980198
245 1 0 _aMarketing de los servicios
_cIldefonso Grande Esteban
250 _a4a ed.
_brevisada y actualizada
260 _aMadrid (España)
_bEditorial ESIC :
_bAlfaomega
_c2012
300 _a399 páginas
_bilustraciones, gráficas
650 0 4 _aServicio al cliente
_924256
650 0 4 _aMercadeo de servicios
_919313
650 0 4 _aSatisfacción del consumidor
_924031
690 0 _aAdministración de empresas
_9435
942 _2DEWEY
_cLIBRO
_a16
_e4
_h658.812
_mG751
999 _c304666
_d304666